REIT values (Record no. 76908)

MARC details
000 -LEADER
fixed length control field 00954cab a2200181 4500
001 - CONTROL NUMBER
control field ##L133284
008 - FIXED-LENGTH DATA ELEMENTS--GENERAL INFORMATION
fixed length control field 060426n2006 000 0 eng u
035 ## - SYSTEM CONTROL NUMBER
System control number (Sirsi) u133284
041 0# - LANGUAGE CODE
Language code of text/sound track or separate title eng
100 1# - MAIN ENTRY--PERSONAL NAME
Personal name Hudgins, Matt
245 00 - TITLE STATEMENT
Title REIT values
Remainder of title in the eye of the beholder
260 ## - PUBLICATION, DISTRIBUTION, ETC.
Date of publication, distribution, etc. 2006
490 #0 - SERIES STATEMENT
Series statement National Real Estate Investor
Volume/sequential designation 47(10) 2005, 21-28(6)
520 ## - SUMMARY, ETC.
Summary, etc. Over the last five years REITs have enjoyed rising share prices that insulated them from the rapid fluctuations common to other securities. They have managed to outperform every major index, with the exception of the NASDAQ's 50% return in 2003. However, REIT shares in 2005 are beginning to show signs of vulnerability. For instance, while they continue to outperform broad indices, a 9% loss in August suggested that they have begun to fluctuate.
590 ## - LOCAL NOTE (RLIN)
Local note IKA090506
690 ## - LOCAL SUBJECT ADDED ENTRY--TOPICAL TERM (OCLC, RLIN)
Topical term or geographic name as entry element PROPERTY-PROPERTY FINANCE AND INVESTMENT-REAL ESTATE INVESTMENT TRUSTS
942 ## - ADDED ENTRY ELEMENTS (KOHA)
Suppress in OPAC 0
Holdings
Withdrawn status Lost status Source of classification or shelving scheme Damaged status Not for loan Home library Current library Shelving location Date acquired Total Checkouts Full call number Barcode Date last seen Copy number Price effective from Koha item type
    Dewey Decimal Classification     London London Journal article 26/04/2006   L133284 133284-1001 06/08/2019 1 06/08/2019 Journal article